Stress: Căn bệnh thời đại của phụ nữ
সংরক্ষণ করুন:
| প্রধান লেখক: | |
|---|---|
| বিন্যাস: | গ্রন্থ |
| ভাষা: | Undetermined |
| প্রকাশিত: |
Đồng Nai
Đồng Nai
2002
|
| বিষয়গুলি: | |
| ট্যাগগুলো: |
ট্যাগ যুক্ত করুন
কোনো ট্যাগ নেই, প্রথমজন হিসাবে ট্যাগ করুন!
|
| Thư viện lưu trữ: | Trung tâm Học liệu Trường Đại học Cần Thơ |
|---|
| LEADER | 00542nam a2200181Ia 4500 | ||
|---|---|---|---|
| 001 | CTU_54525 | ||
| 008 | 210402s9999 xx 000 0 und d | ||
| 020 | |b 14000 | ||
| 082 | |a 616.98 | ||
| 082 | |b L120 | ||
| 100 | |a Nguyễn Huy Lâm | ||
| 245 | 0 | |a Stress: Căn bệnh thời đại của phụ nữ | |
| 245 | 0 | |c Nguyễn Huy Lâm | |
| 260 | |a Đồng Nai | ||
| 260 | |b Đồng Nai | ||
| 260 | |c 2002 | ||
| 650 | |a environmental induced diseases,stress in youth | ||
| 980 | |a Trung tâm Học liệu Trường Đại học Cần Thơ | ||